[Event "Frankfurt Ch 2005"]
[Site "Ffm-Kalbach, LAZ"]
[Date "2005.05.09"]
[Round "3"]
[White "Wenzel, Bernd"]
[Black "Richter, Edgar"]
[Result "0-1"]
[WhiteElo "1554"]
[BlackElo "1262"]
[PlyCount "98"]
[EventDate "2005.??.??"]

1. f4 e6 2. b3 d5 3. Bb2 Nf6 4. e3 Be7 5. Bd3 Nbd7 6. Nf3 O-O 7. O-O Nc5 8. Be2
b6 9. d3 Ng4 10. Qd2 Bb7 11. Ne5 Nxe5 12. fxe5 Nd7 13. Bf3 c5 14. c4 Qc7 15.
Na3 Nxe5 16. Nb5 Nxf3+ 17. Rxf3 Qd7 18. Rg3 f6 19. Qe2 a6 20. Nc3 Bd6 21. Rh3
d4 22. exd4 cxd4 23. Ne4 e5 24. Rf1 Bxe4 25. Qxe4 g6 26. Bc1 f5 27. Qd5+ Kh8
28. Bh6 Rfe8 29. Bg5 Kg7 30. Bh6+ Kf6 31. Rhf3 Qe6 32. Qb7 Bf8 33. Bxf8 Rxf8
34. Qe4 Kg7 35. Qe1 a5 36. a3 e4 37. dxe4 Qxe4 38. Qg3 Rad8 39. Re1 Qc6 40.
Re7+ Kg8 41. Qe5 Qf6 42. Qc7 d3 43. Rf1 d2 44. Rd1 Rd3 45. Rd7 Rxd7 46. Qxd7
Rd8 47. Qb7 Qd4+ 48. Kh1 Qf2 49. Qf3 Qe1+ 0-1

[Event "Frankfurt Ch 2005"]
[Site "Ffm-Kalbach, LAZ"]
[Date "2005.05.09"]
[Round "3"]
[White "Kirschner, Matthias"]
[Black "Liebert, Monika"]
[Result "1-0"]
[WhiteElo "1524"]
[BlackElo "1102"]
[PlyCount "59"]
[EventDate "2005.??.??"]

1. g3 e5 2. Bg2 Nf6 3. d3 Bc5 4. Nf3 d6 5. O-O O-O 6. c4 Nc6 7. Nc3 Be6 8. a3
a6 9. b4 Bd4 10. Qc2 Qd7 11. Rb1 Rab8 12. a4 b6 13. b5 axb5 14. axb5 Na5 15.
Bg5 Nh5 16. Bd2 g6 17. Nxd4 exd4 18. Nd5 Nb7 19. Qb2 Bxd5 20. Bxd5 Ng7 21. Bh6
Nd8 22. Ra1 Nde6 23. Ra7 Rfe8 24. Rfa1 Qd8 25. Ra8 Rxa8 26. Rxa8 Qe7 27. Rxe8+
Qxe8 28. Qa1 f5 29. Qxd4 Kf7 30. Qxg7# 1-0

[Event "Frankfurt Ch 2005"]
[Site "Ffm-Kalbach, LAZ"]
[Date "2005.05.09"]
[Round "3"]
[White "Schönmann, Bernd"]
[Black "Kletzerman, Simon"]
[Result "1-0"]
[WhiteElo "1230"]
[BlackElo "1550"]
[PlyCount "71"]
[EventDate "2005.??.??"]

1. e4 e6 2. d4 d5 3. e5 c5 4. Nf3 cxd4 5. Qxd4 Nc6 6. Bb5 Bd7 7. Bxc6 Bxc6 8.
O-O Qc7 9. Nc3 Ne7 10. Bf4 Nf5 11. Qd2 h6 12. g4 Ne7 13. Nd4 Ng6 14. Bg3 a6 15.
a3 Bd7 16. b4 Be7 17. Nce2 Bh4 18. f4 Bxg3 19. Nxg3 Rc8 20. Nh5 O-O 21. Rf3 Qb6
22. Kh1 Rc4 23. c3 Ne7 24. Rg1 f6 25. h4 Be8 26. exf6 gxf6 27. f5 e5 28. Ne6
Rf7 29. Qxh6 Qxg1+ 30. Kxg1 Rxg4+ 31. Kf2 e4 32. Nxf6+ Rxf6 33. Qxf6 exf3 34.
Qf8+ Kh7 35. Qxe7+ Kh6 36. Qxe8 1-0